000 02829nam a2200385 a 4500
005 20091212103048.0
008 060711r20081994mnua j 000 1 eng
010 _aB-385829-840
020 _a9780060097912
_c158.00
035 _aB-385829-840
037 _bBlueberry Books
040 _adpl
_bEnglish
082 _aS
100 _aBrown, Jeff
245 _aHis original adventure! /
_cby Jeff Brown; pictures by Macky Pamintuan
260 _aNew York
_bHarper Collines Publishers
_c2009
270 _a53rd Street
_bNew York
_e10022
300 _a72, 5p. :
_c19cm(pbk)
_bill.
490 _aFlat Stanley
700 _aPamintuan , Macky
942 _2ddc
_cCH
_hS
_mBRO
999 _c32599
_d32599